Surnoms de rappeurs/ artistes hip-hop français - Statistiques

Statistiques générales
  • Ce quiz a été pris 177 fois
  • Le résultat moyen est 10 sur 20
Statistiques - réponses
Hint Réponse % Correct
Ocho SDM
80%
Le Duc Booba
79%
Boss Lady Theodora
78%
La mélo Tiakola
76%
Sauce God Hamza
69%
Zifukoro Niska
65%
Schneider SCH
64%
La sauvagerie Kalash Criminel
63%
Mozart Leto
59%
Coco Jojo Guy2bezbar
55%
Fennec Nekfeu
52%
La quoi Nono la Grinta
40%
Greenzer Green Montana
37%
Pichichi Dinos
35%
La peste Disiz
35%
La serrure La rvfleuse
29%
Gé la pépite Genezio
20%
La d Da Uzi
11%
La barrière Kodes
8%
Chen Zen Freeze Corelone
3%
Aucun quiz correspondant
Distribution des résultats
% des personnes avec chaque résultat
Percentile par nombre de réponses
Votre historique - résultats
Vous n’avez pas pris ce quiz